| 000 | 00752nam a2200253Ia 4500 | ||
|---|---|---|---|
| 003 | OSt | ||
| 005 | 20220916100743.0 | ||
| 008 | 210716s1993 xx 000 0 und d | ||
| 020 | _a0201435772 | ||
| 040 | _cAIMIT LIBRARY | ||
| 041 | _aeng | ||
| 050 | _a1 | ||
| 082 |
_a621.367 _21 _bGONR |
||
| 100 |
_aGonzalez, Rafael C. _957722 |
||
| 245 |
_aDigital image processing / _cBy Rafael C Gonzalez and Richard E Woods |
||
| 250 | _a1st ed. | ||
| 260 |
_aNew York : _bAddison Wesley , _c1993. |
||
| 300 |
_axvi,716p. ; _c24 cm. |
||
| 650 |
_aDigital image fundamentals _957723 |
||
| 650 |
_aImage transforms _957724 |
||
| 650 |
_aRepresentation and description _957725 |
||
| 700 |
_aWoods, Richard E. _957726 |
||
| 942 |
_2ddc _cBK _e1st _k621.367 GONR |
||
| 999 |
_c183473 _d183473 |
||